| 000 | 00368nab a2200133Ia 4500 | ||
|---|---|---|---|
| 003 | ES-SlBCS | ||
| 005 | 20210601131732.0 | ||
| 008 | 140529s1954 xxu||||| |||| 00| 0 fre d | ||
| 041 | _afre | ||
| 100 | 1 |
_aLisle, Edmond _9188426 |
|
| 245 | 0 | 0 |
_aPremière année du Pool _c Edmond Lisle |
| 773 | 0 |
_tVie Intelectuelle (La) _gnº. 4, 1954, págs. 89-94 _wRev907 |
|
| 942 | _cAR | ||
| 999 |
_c567898 _d567898 |
||